Handbook of Japanese art

Japanese Art offers readers a comprehensive view of Japanese art through Japanese eyes—a view that is the most revealing of all perspectives. At the same time, it provides readers with a guide to the places in Japan where the best and most representative creations of Japanese art are to be seen.

Đã lưu trong:
书目详细资料
主要作者: Tsuda, Noritake
格式: 图书
语言:Undetermined
出版: Tokyo Sanseido co. 1935
主题:
标签: 添加标签
没有标签, 成为第一个标记此记录!
Thư viện lưu trữ: Trung tâm Học liệu Trường Đại học Cần Thơ
LEADER 00819nam a2200205Ia 4500
001 CTU_227786
008 210402s9999 xx 000 0 und d
082 |a 709.52 
082 |b T882 
100 |a Tsuda, Noritake 
245 0 |a Handbook of Japanese art 
245 0 |c Noritake Tsuda 
260 |a Tokyo 
260 |b Sanseido co. 
260 |c 1935 
520 |a Japanese Art offers readers a comprehensive view of Japanese art through Japanese eyes—a view that is the most revealing of all perspectives. At the same time, it provides readers with a guide to the places in Japan where the best and most representative creations of Japanese art are to be seen. 
650 |a Nghệ thuật,Art 
650 |z Nhật Bản,Japan 
910 |b dqhieu 
980 |a Trung tâm Học liệu Trường Đại học Cần Thơ